000 02030cam a22004454i 4500
003 PE-LiUPU
005 20250731172759.0
008 150617s1990 xxu r 000 0 eng d
035 _a(Sirsi) a13042
040 _aPE-LiUPU
_bspa
_cPE-LiUPU
_erda
049 _aPRUA
082 0 4 _a220.91
_bK79
_221
100 1 _aKraeling, Emil G.,
_eautor.
245 1 0 _aBible atlas /
_cEmil G. Kraeling.
264 1 _aNew York :
_bRand McNally & Company,
_c[19 ].
300 _a487 páginas :
_bilustraciones, gráficas, ;
_c26 centímetros
336 _atext
_2rdacontent
337 _aunmediated
_2rdamedia
338 _avolume
_2rdacarrier
505 0 _aJourney into the past -- Pass through the land -- In the beginning -- Wanderings of Abraham -- The tents of Isaac and the star of Jacob -- From Egypt to the holy mount -- The Wilderness sojourn -- The conquest and division -- The period of the Judges -- Saul Forms a Hebrew nation -- The story of David -- Solomon in all his glory -- The secession and the supremacy of Israel -- The downfall of Israel -- Judah's vain struggle for surviv al -- In the land of exile -- The reconstruction -- The world into which Jesus was born -- The gospel story -- The early church of Palestine -- From Antioch to Rome -- The geography of revelation.
526 _aSEG42
526 _aSEG41
526 _aSEG40
526 _aSEG39
526 _aP94
526 _aP87
526 _aP86
526 _aP85
526 _aP77
526 _aP76
526 _aP35
650 0 4 _aGeografía bíblica.
910 _ajck
_bjvq
_cjck
_d20150616
942 _2ddc
_cBOOK
949 _a220.91 K79
_wDEWEY
_c1
_i12962
_lCCODEBUL1
_mBUL
_p30.00
_r0
_sY
_tBOOK
_u19740614
_xTEOLOGIA
_PP35
_0COMPRA
_o.STAFF. Colección Teología
994 _aC0
_bPEPRU
596 _a1
999 _a220.91 K79
_wDEWEY
_c3368
_i12962
_d3368
_f2021-11-9
_g5
_lCCODEBUL1
_mBUL
_p30.00
_q1
_r0
_sY
_tBOOK
_u2015-6-17
_xTEOLOGIA
_PP35
_0COMPRA
_o.STAFF. Colección Teología
980 _81
_gALBERTO SANCHEZ Responsable de Automatización